000 00455nam a2200169Ia 4500
003 GCL
008 140319s9999 xx 000 0 eng d
040 _aGCL /
_cGCL
082 0 4 _a747.3
_bP C
100 1 _aPARKS,CARAL
245 1 0 _aCOMPLETE BOOK OF WINDOW TREATMENTS CURTAINS /
_cPARKS,CARAL
260 _a[S.N] :
_bA STERLING LARK BOOK ،
_c1994
300 _a143
650 0 4 _aDRAPERY
650 0 4 _aDRAPERY IN INTERIOR DECORATION
942 _2ddc
_cBK
999 _c12597
_d12597